000 00262nam a22001217a 4500
008 170316b xxu||||| |||| 00| 0 eng d
041 _aeng
080 _a611
100 _a7
101 _aSHM
245 _aANATOMY AND PHYSIOLOGY
_cKARLESKINT.G
942 _2udc
_cBK
999 _c7947
_d7947